Súčasnosť knižnej kultúry Kultúra medzi zjazdami

Podrobná bibliografia
Hlavní autori: Veľký, Jozef, 1926-2003 (Autor), Človieček, Ondrej (Autor), Jedlička, R. (Autor), Šabík, Vincent, 1937- (Autor)
Médium: Článok
Jazyk:slovenčina
Fyzický popis:Fot. 1.
Predmet:

MARC

LEADER 00000nab a2200000 a 4500
001 vtls000029270
003 SK-MaSNL
005 20260303184958.0
008 111103c1979 xo 0 slo
015 |a SNBRB19rr/mm-uuuuu 
035 |a CL0039364 
040 |a SNKBUCL  |b slo  |c SNKBUCL  |e AACR2 
041 0 |a slo 
044 |a xo  |c SK 
080 |a 82:08:885.4  |2 1981 
080 |a 08  |2 1981 
080 |a 885.4  |2 1981 
245 0 0 |a Súčasnosť knižnej kultúry  |b Kultúra medzi zjazdami  |c Jozef Veľký ... [et al.] 
300 |b Fot. 1. 
650 0 7 |a knižná kultúra  |2 snkbucl  |9 31235 
650 0 7 |a politika edičná  |2 snkbucl  |9 1215679 
650 0 7 |a vydavateľstvá slovenské  |x kultúra knižná  |x politika edičná  |2 snkbucl  |9 1215680 
655 7 |a články z novín a časopisov  |2 snkbucl  |9 267496 
655 7 |a články z odboru literárna veda a krásna literatúra  |2 snkbucl  |9 770045 
700 1 |a Veľký, Jozef,  |d 1926-2003  |4 aut  |9 123315 
700 1 |a Človieček, Ondrej  |4 aut  |9 383363 
700 1 |a Jedlička, R.  |4 aut  |9 813420 
700 1 |a Šabík, Vincent,  |d 1937-  |4 aut  |9 101798 
773 0 |t Pravda  |g Roč. 60, č. 83 (7. 4. 1979), s. 5 
850 |a Slovenská národná knižnica v Martine  |a MTA001 
852 |a SNK  |b KIS3GCP 
958 |a RK 
958 |a LX 
992 |a RBX 
999 |c 2129129  |d 2131059